Ethics in research on animal behaviour : (Registro nro. 5082)
[ vista simple ]
| 000 -CABECERA | |
|---|---|
| Campo de control | 00661nam a2200217 a 4500 |
| 005 - FECHA Y HORA DE LA ULTIMA TRANSACCION | |
| Campo de control | 20191224041756.0 |
| 008 - ELEMENTOS DE LONGITUD FIJA—INFORMACION GENERAL | |
| Campo de control | 140318s1991 enk fr|||| 00| 0 eng d |
| 020 ## - ISBN | |
| ISBN | 0122071506 |
| 040 ## - FUENTE DE CATALOGACIÓN | |
| Agencia catalogadora original | CO-BoIAVH |
| Agencia transcriptora | CO-BoIAVH |
| 041 0# - IDIOMA | |
| Código de idioma para texto/pista de sonido o título separado | Inglés |
| 044 ## - PAÍS DE PUBLICACIÓN | |
| País de publicación | Inglaterra |
| 082 04 - NUMERO DE CLASIFICACION DECIMAL DEWEY | |
| Número de clasificación | 591.5 |
| Número del ítem | S78e |
| 100 1# - ASIENTO PRINCIPAL--NOMBRE PERSONAL | |
| Nombre personal | Stamp Dawkins, Marians |
| Término relacionado | Editor |
| 9 (RLIN) | 55065 |
| 245 10 - MENCION DE TITULO | |
| Título | Ethics in research on animal behaviour : |
| Parte restante del título | readings from animal behaviour |
| 260 ## - PUBLICACION, DISTRIBUCION, ETC. (PIE DE IMPRENTA) | |
| Lugar de publicación, distribución, etc. | London : |
| Nombre del editor, distribuidor, etc. | Academic Press, |
| Fecha de publicación, distribución, etc. | 1991. |
| 300 ## - DESCRIPCION FISICA | |
| Extensión | 64 páginas ; |
| Dimensiones | 25 x 18 cm. |
| 650 #6 - ASIENTO SECUNDARIO DE MATERIA - TERMINO TEMATICO | |
| Término temático o nombre geográfico como elemento de entrada | Comportamiento animal |
| 9 (RLIN) | 4688 |
| 650 #6 - ASIENTO SECUNDARIO DE MATERIA - TERMINO TEMATICO | |
| Término temático o nombre geográfico como elemento de entrada | Investigaciones |
| 9 (RLIN) | 55067 |
| 700 1# - ASIENTO SECUNDARIO - NOMBRE PERSONAL | |
| Nombre personal | Gosling, Morris |
| Término de relación | Editor |
| 9 (RLIN) | 22616 |
| 942 ## - ELEMENTOS ADICIONALES (KOHA) | |
| Tipo de ítem | Libro |
| Sistema de clasificación | Dewey Decimal Classification |
| Withdrawn status | Lost status | Sistema de Clasificación | Damaged status | No para préstamo | Colección | Inventariado | Ubicación Permanente | Ubicación actual | Fecha de adquisición | Fuente de Valor | Valor | Total Checkouts | Número topográfico | Inventario / Código de Barras | Date last seen | Ejemplar | Price effective from | Forma de adquisición | Tipo de material |
|---|---|---|---|---|---|---|---|---|---|---|---|---|---|---|---|---|---|---|---|
| Dewey Decimal Classification | General | Inventariado 2017 | Bogotá | Bogotá | 04/01/2006 | Amazon | 50000.00 | LB-591.5 S78e | 022788 | 04/12/2012 | Ej. 1 | 04/12/2012 | Libro |